000 00315nam a2200121 i 4500
001 bg
245 0 _aWielki słownik techniczny rosyjsko-polski.
_nT. 2,
_pP-Ja /
_cpod red. J. Szarskiego.
260 _aWarszawa,
_c1962.
040 _cBPK
041 _apol
942 _cKS
008 s pl f |000 0 pol
999 _c29652
_d29652
856 _uhttp://koha.tu.koszalin.pl/cgi-bin/koha/opac-detail.pl?biblionumber=29652
_yKatalog online BPK